Normal view
MARC view
- Akādmī Adabiyāt-i Pākistān.
Entry Corporate Name
001 - CONTROL NUMBER
- control field: 15894
003 - CONTROL NUMBER IDENTIFIER
- control field: NUST
005 - DATE AND TIME OF LATEST TRANSACTION
- control field: 20190628064422.0
008 - FIXED-LENGTH DATA ELEMENTS
- fixed length control field: 190628|| aca||aabn | a|a d
040 ## - CATALOGING SOURCE
- Original cataloging agency: NUST
- Transcribing agency: NUST
110 ## - HEADING--CORPORATE NAME
- Corporate name or jurisdiction name as entry element: Akādmī Adabiyāt-i Pākistān.
670 ## - SOURCE DATA FOUND
- Source citation: Work cat.: (NUST)0: Turābī, Nis̲ār. 15893, Shāh Murād K̲h̲ānpūrī :, 2004.
